Juan manuel de rosas : 1829- 1852 /

Guardado en:
Autor Principal: Lynch, John
Formato: Libro
Publicado: Buenos Aires : Hyspamérica, 1984
Series:Biblioteca argentina de historia y política ; 46
Materias:
Etiquetas: Agregar Etiqueta
Sin Etiquetas, Sea el primero en etiquetar este registro!
LEADER 00766nam a22002055a 4500
001 CEM.cems012214
005 20060901091742.0
008 130507s1984##################000#0#####d
003 CEMS
020 |a 9506144435 
082 0 4 |a 923 
100 1 |a Lynch, John 
245 1 0 |a Juan manuel de rosas :  |b 1829- 1852 /  |c John Lynch 
260 |a Buenos Aires :  |b  Hyspamérica,  |c 1984 
300 |a 393 p. 
490 0 |a Biblioteca argentina de historia y política ; 46 
505 0 |a Introducción -- Señor de las llanuras -- Estanciero -- Patrón y peón -- Una Argentina alternativa -- Leviatán -- El terror -- La penetrante Albión -- Apogeo y derrota -- Exilio 
653 |a Rosas 
653 |a Historia argentina 
859 |a CEMS  |b BIB. CEMS - 11 de abril  |h 923  |i R113L  |p 23168.05  |t Ej.1